000 00898nam a22001937a 4500
001 85869
005 20260430150952.0
008 260430s2025 sp ||||| |||| 00| 0 spa d
017 _aV 4272-2025
040 _aM-RABA
_bspa
_cM-RABA
100 1 _aFerri Chulio, Andrés de Sales (
_d1947-)
_926201
245 1 0 _aImaginería de la Iglesia Parroquial de Santa María Magdalena de Sollana. 1940-1947
260 _aValencia
_b: La Imprenta
_c, 2025
300 _a53 p.
_b: il. b. y n.
_c; 32 cm
500 0 0 _aAntecede al tít.: RVDO. ANDRÉS DE SALES FERRI CHULIO. Director del Archivo de Religiosidad Popular del Arzobispado de Valencia. Académico Correspondiente de la Real Academia de Bellas de San Carlos de Valencia, de la Real Academia de la Historia y de la Real Academia de Bellas Artes de San Fernando.
650 7 _aImaginería religiosa.
_953830
852 _jF-16129
942 _cFONDOMODER
_n0
999 _c85869
_d85869